Integrated Labour Force Survey 2000/01: (Record no. 6707)
[ view plain ]
| 000 -LEADER | |
|---|---|
| fixed length control field | 00451nam a22001097a 4500 |
| 008 - FIXED-LENGTH DATA ELEMENTS--GENERAL INFORMATION | |
| fixed length control field | 200324b ||||| |||| 00| 0 eng d |
| 245 ## - TITLE STATEMENT | |
| Title | Integrated Labour Force Survey 2000/01: |
| Remainder of title | Analytical Report/ |
| Statement of responsibility, etc. | National Bureau of Statistics, Ministry of Labour, Youth Development and Sports.- |
| Medium | English. |
| 260 ## - PUBLICATION, DISTRIBUTION, ETC. (IMPRINT) | |
| Place of publication, distribution, etc. | Dar Es Salaam: |
| Name of publisher, distributor, etc. | National Bureau of Statistics, |
| Date of publication, distribution, etc. | 2002. |
| 300 ## - PHYSICAL DESCRIPTION | |
| Extent | xxvii, 168p; |
| Other physical details | ill; |
| Dimensions | 30cm.- |
| 650 ## - SUBJECT ADDED ENTRY--TOPICAL TERM | |
| Source of heading or term | LABOUR FORCE SURVEY |
| 942 ## - ADDED ENTRY ELEMENTS (KOHA) | |
| Source of classification or shelving scheme | |
| Koha item type | BOOKS |
No items available.